000 00586nam a22001937a 4500
999 _c6254
_d6254
003 OSt
005 20190827103327.0
008 190827b ||||| |||| 00| 0 eng d
020 _a0521241979
040 _cDDC.
082 _aC82d 1982
100 _aCosentino,Donald;
_912865
245 _aDefiant maids and sturbon farmers;
_bTradition and invention in Mende story performance.
260 _aUK,
_bcanbridge university Press.
_c1982
300 _axii,226p;
_bill;
_c24cm.
504 _aincludes Appendix, bibliography and index.
650 _aLiterature.
_95843
942 _2ddc
_cO_SHELF